1317 1215 1954 1716 1400 1608 1604 1047 1779 1247 1833 1203 1925 1261 1644 1912 1480 1508 1703 1773 1109 1325 1629 1008 1565 1395 1422 1168 1933 1545 1355 1537 1582 1269 1269 1388 1422 1092 1086 1459 1356 1048 1451 1124 1647 1960 1126 1838 1542 1994 1148 1189 1094 1621 1382 1832 1933 1517 1096 1768 1311 1745 1223 1145 1690 1576 1519 1407 1047 1794 1107 1169 1504 1423 1327 1343 1918 1075 1671 1907 1359 1198 1248 1492 1633 1726 1912 1779 1580 1015 1393 1546 1448 1453 1843 1480 1841 1080 1282 BCNSPRNW ULIB Ver.6.0+V

เปลี่ยนเป็นภาษาไทย

Change to English
 แสดงรายละเอียดบรรณานุกรม
  กลับหน้าหลัก

Brief Record : Get Marc (ISO 2709) : E-mail record : QR code < ปิดหน้าต่าง
LEADER : 00000nam 2200000uu 4500
001    13399122093
003     ULIB
008    121226s2551||||th 000 0 tha d
020    ^a9789740409526
060 04 ^aWI140^bพ685ห 2551
100 0  ^aพินิจ กุลละวณิชย์
245 10 ^a108 กระบวนวิธิหลีกหนีโรคในช่องท้อง/^cพินิจ กุลละวณิชย์
250    ^aพิมพ์ครั้งที่ 1
260    ^aกรุงเทพฯ :^bเอ เอ เปเปอร์ แอนด์สเตชั่นเนอรี่,^c2551
300    ^a173 หน้า :^bภาพประกอบ
650  7 ^aโรคในช่องท้อง
945    ^p220^l0^i18140
995    ^aทศพร
999    ^aทศพร เกษรทอง
รายการนี้ยังไม่มีแท็ก
คุณยังไม่ได้ล็อกอิน คุณสามารถมีกิจกรรมร่วมกับเว็บไซต์ได้ แต่ต้องล็อกอินก่อน ::
  ล็อกอิน

รายการสื่อสารสนเทศ

ลำดับที่ ประเภท เลขเรียก/บาร์โค้ด สถานที่ สถานะ
- ไม่พบข้อมูล -

รายการใกล้เคียง
    ผู้แต่ง [พินิจ กุลละวณิชย์]

    หัวเรื่อง [โรคในช่องท้อง]

BibComment


ยังไม่เคยถูกคอมเมนท์

คอมเมนท์ทรัพยากรรายการนี้
  คอมเมนท์: 108 กระบวนวิธิหล..


 Copyright 2026. Bcnsprnw @Library